000 00645nam a2200229Ia 4500
999 _c51823
_d51823
001 54415
003 OSt
005 20220121120750.0
008 140505s9999 xx 000 0 und d
020 _aNA
040 _cPK-LaUMT
082 _a 348.5491026
_bFAH-S
100 _aFahim Ahmed Siddqiqui
245 _aSindh Balochistan law reports digest
_b11 years complete digest 2001 to 2011
_cFahim Ahmed Siddqiqui<>Saeed Siddiqui
260 _aKarachi,Pakistan:
_bAsia Law House,
_c2012
300 _a2209 p.
501 _a3 vols
546 _aEN
650 _aSindh Balochistan-Law reports
700 _aSaeed Siddiqui
942 _cLPJ
_2ddc